Catálogo público

Nivel parasitario y géneros de parásitos internos en hembras adultas de los genotipos ovinos criollo y suffolk / (Record no. 167166)

MARC details
000 -CABECERA
campo de control de longitud fija 00806nam a2200265Ia 4500
001 - NÚMERO DE CONTROL
campo de control Z_4102
003 - IDENTIFICADOR DEL NÚMERO DE CONTROL
campo de control CHAP
008 - DATOS DE LONGITUD FIJA--INFORMACIÓN GENERAL
campo de control de longitud fija 220113s2001 xx 000 0 und d
010 ## - NÚMERO DE CONTROL DE LA BIBLIOTECA DEL CONGRESO
Número de control de LC 167166
040 ## - FUENTE DE LA CATALOGACIÓN
Centro/agencia transcriptor CHAP
090 ## - LOCALMENTE ASIGNADO TIPO-LC NÚMERO DE CLASIFICACIÓN (OCLC); NÚMERO DE CLASIFICACIÓN LOCAL (RLIN)
Número de clasificación (OCLC) (R) ; Numero de clasificación, CALL (RLIN) (NR) Tesis R 1587
100 ## - ENTRADA PRINCIPAL--NOMBRE DE PERSONA
Nombre de persona Romano Martínez, Luciano
9 (RLIN) 99484
245 ## - MENCIÓN DE TÍTULO
Título Nivel parasitario y géneros de parásitos internos en hembras adultas de los genotipos ovinos criollo y suffolk /
Mención de responsabilidad, etc. por Luciano Romano Martínez
260 ## - PUBLICACIÓN, DISTRIBUCIÓN, ETC.
Lugar de publicación, distribución, etc. Chapingo, Méx. :
Nombre del editor, distribuidor, etc. El autor,
Fecha de publicación, distribución, etc. 2001
300 ## - DESCRIPCIÓN FÍSICA
Extensión 82 h.
502 ## - NOTA DE TESIS
Nota de tesis Tesis (Ing. Agr. Esp. en Zootecnia) -- UACH. Departamento de Zootecnia
650 ## - PUNTO DE ACCESO ADICIONAL DE MATERIA--TÉRMINO DE MATERIA
Término de materia o nombre geográfico como elemento de entrada Ganado lanar
Subdivisión general Parásitos
9 (RLIN) 45208
650 ## - PUNTO DE ACCESO ADICIONAL DE MATERIA--TÉRMINO DE MATERIA
Término de materia o nombre geográfico como elemento de entrada Ganado lanar
Subdivisión general Razas
9 (RLIN) 45218
901 ## - ELEMENTOS DE DATOS A LOCAL LDA (RLIN)
a TESIS R 1587
902 ## - ELEMENTOS DE DATOS B LOCAL, LDB (RLIN)
a M
910 ## - DATOS DE OPCIÓN DEL USUARIO (OCLC)
Datos de opción del usuario 2001
942 ## - ELEMENTOS DE PUNTO DE ACCESO ADICIONAL (KOHA)
Tipo de ítem Koha Tesis_
942 ## - ELEMENTOS DE PUNTO DE ACCESO ADICIONAL (KOHA)
Tipo de ítem Koha Tesis_
Holdings
Estado de retiro Estado de pérdida Fuente del sistema de clasificación o colocación Estado dañado Restricciones de uso No para préstamo Código de colección Localización permanente Ubicación/localización actual Fecha de adquisición Fuente de adquisición Total de préstamos Signatura topográfica completa Código de barras Fecha visto por última vez Número de copia Precio válido a partir de Tipo de ítem Koha
    Dewey Decimal Classification   Préstamo interno   Tesis Zootecnia Zootecnia 09/11/2005 El autor   Tesis R66 1587 2001 5101002586 18/01/2022 Ej.1 18/01/2022 Tesis
    Clasificación Universidad Autónoma de Chapingo   Préstamo 5 días   Tesis Zootecnia Zootecnia 09/11/2005 El autor   Tesis R66 1587 2001 5101002587 18/01/2022 Ej.2 18/01/2022 Tesis